Statistics for 35山口県の市町村

Click here to take the quiz!

General Stats

  • This quiz has been taken 40 times
    (36 since last reset)
  • The average score is 13 of 19

Answer Stats

Answer% Correct
下関市
100%
山口市
100%
萩市
96%
岩国市
96%
宇部市
92%
山陽小野田市
88%
長門市
83%
周南市
83%
防府市
79%
光市
79%
美祢市
71%
下松市
58%
柳井市
50%
熊毛郡上関町
42%
熊毛郡田布施町
42%
熊毛郡平生町
42%
阿武郡阿武町
42%
大島郡周防大島町
33%
玖珂郡和木町
33%

Score Distribution

Percentile by Number Answered

Percent of People with Each Score

Your Score History

You have not taken this quiz since the last reset